Normal view
MARC view
- القصة الشعبية العربية - علم النفس الإجتماعي
Entry Topical Term
001 - CONTROL NUMBER
- control field: 40385
003 - CONTROL NUMBER IDENTIFIER
- control field: JO-AjAnu
005 - DATE AND TIME OF LATEST TRANSACTION
- control field: 20230606080716.0
008 - FIXED-LENGTH DATA ELEMENTS
- fixed length control field: 230606|| aca||aabn | a|a d
040 ## - CATALOGING SOURCE
- Original cataloging agency: JO-AjAnu
- Transcribing agency: JO-AjAnu
150 ## - HEADING--TOPICAL TERM
- Topical term or geographic name entry element: القصة الشعبية العربية - علم النفس الإجتماعي
670 ## - SOURCE DATA FOUND
- Source citation: Work cat.: (JO-AjAnu)20702: زيعور، علي, author 40384, صياغات شعبية حول المعرفة والخصوبة والقدر: المهاد الإناسي والتحيات العلائقية في الذات العربية